| 000 | 00453nam a22001817a 4500 | ||
|---|---|---|---|
| 003 | CEME | ||
| 005 | 20210628202543.0 | ||
| 008 | 210122b xxu||||| |||| 00| 0 eng d | ||
| 020 | _a0-521-89049-7 | ||
| 040 | _c. | ||
| 082 | _a512.5 BEA | ||
| 100 |
_aBeardon, Alan F _960468 |
||
| 245 | _aAlgebra and geometry | ||
| 260 |
_aNEW YORK _bCAMBRIDGE UNIVERSITY _c2005 |
||
| 300 | _aXII,326 P | ||
| 650 |
_aALGEBRA AND GEOMETRY _960469 |
||
| 942 |
_cBK _2ddc |
||
| 999 |
_c570176 _d570176 |
||